MDQL
is popping MORE tags! Check the
thread
!
Quizzes
Events
Quiz Creation
Community
Videos
Private Events
Remove Ads
Sign In
Join for FREE
Feedback
Dark Mode
Quiz Categories
Sports
Geography
Music
Movies
Television
Just For Fun
Miscellaneous
History
Literature
Language
Science
Gaming
Entertainment
Religion
Holiday
For Kids
Quiz Lab
Recent
Popular Today
Quiz Kudos Today
Editor Picks
Curator Picks
Quizzes by...
Day
Popularity
Type
Ratings
Length
Year
Community
Subscriptions
Recent Discussions
Orange Saloon
Badges
Playlists
Quests
Create
Leaderboards
Showdown
Live 5
Trivia Bingo
Activity
Puzzle Library
Sporcle Events
Private Events
Virtual Trivia
Globe League
Become a Host
Pub Owners
SporcleCon
Opinionation
Our Games
Videos
Blog
Mobile Apps
Partnerships
Remove Ads and Go Orange
Feedback
Sports
Athletes
MLB
NBA
NHL
NFL
Soccer
Sports Teams
WWE
NCAA
Football
Premier League
Basketball
Baseball
Hockey
Golf
Tennis
Cricket
Rugby
Auto Racing
Olympics
World Cup
Sports
Athletes
MLB
NBA
NHL
NFL
Soccer
Sports Teams
WWE
NCAA
Football
Premier League
Basketball
Baseball
Hockey
Golf
Tennis
Cricket
Rugby
Auto Racing
Olympics
World Cup
Random Quiz
Search Sporcle
×
Quiz Lab
Quiz Lab
Sports
NBA
Type in answers that appear in a list
Type in answers that appear in a list
Classic
Best Score? Go Orange.
Nba players nickname Stats
Can you name the Nba players nickname?
By
besaib05
10m
50 Questions
95 Plays
95 Plays
95 Plays
Comments
Comments
Give Quiz Kudos
Give Quiz Kudos
-
- Ratings
hide this ad
Replay
Link that replays current quiz
Next Quiz
Link to next quiz in quiz playlist
You Got
0%
They Got
Avg Score
81%
Avg Friend Score
Upgrade to see
Score Distribution
Jump to the score distribution portion of the page
Score
0/50
Timer
10:00
0
Plays Today
Hint
Answer
% Correct
King James
LeBron James
100%
Black Mamba
Kobe Bryant
98.9%
Chef Curry
Stephen Curry
97.9%
Melo
Carmelo Anthony
96.8%
The Goat
Micheal Jordan
94.7%
Big Diesel
Shaquille O'neal
94.7%
Larry Legend
Larry Bird
94.7%
D-
Rose
Derrick Rose
94.7%
Iso Joe
Joe Johnson
93.7%
T-
Mac
Tracy Mcgrady
92.6%
CP3
Chris Paul
92.6%
PG13
Paul George
91.6%
Dr. J
Julius Erving
90.5%
The Beard
James Harden
90.5%
The Logo
Jerry West
89.5%
Superman
Dwight Howard
89.5%
The Answer
Allen Iverson
89.5%
Durantula
Kevin Durant
89.5%
Big O
Oscar Robertson
89.5%
Wilt The Stilt
Wilt Chamberlain
89.5%
Clyde de Glide
Clyde Drexler
89.5%
Magic
Earvin Johnson
89.5%
The Truth
Paul Pierce
88.4%
Boogie
Demarcus Cousins
88.4%
Vinsanity
Vince Carter
87.4%
Hint
Answer
% Correct
Big Baby
Glen Davis
87.4%
The Big Fundamental
Tim Duncan
85.3%
Uncle Drew
Kyrie Irving
85.3%
The Brow
Anthony Davis
84.2%
The Mailman
Karl Malone
84.2%
C-
Webb
Chris Webber
84.2%
KAT
Karl-Anthony Towns
84.2%
The Dream
Hakeem Olajuwon
81.1%
Flash
Dwyane Wade
80%
Iggy
Andre Iguodala
80%
Big Ticket
Kevin Garnett
78.9%
The Admiral
David Robinson
76.8%
Swaggy P
Nick Young
76.8%
The Claw
Kawhi Leonard
75.8%
White Chocolate
Jason Williams
75.8%
The Worm
Dennis Rodman
74.7%
Stevie Franchise
Steve Francis
72.6%
The Human Highlight Film
Dominique Wilkins
68.4%
Tiny
Nate Archibald
66.3%
Birdman
Chris Andersen
65.3%
AK47
Andrei Kirilenko
63.2%
The Captain
Kareem Abdul-Jabbar
43.2%
Mr. Big Shot
Chauncey Billups
42.1%
Hondo
John havlicek
36.8%
The Chief
Robert Parish
32.6%
Quiz Playlist
Details
Report
Send in Message
Add To Playlist
Classic:
Type in answers that appear in a list
Last Updated: May 17, 2017
Quiz Scoreboard
CHALLENGE
Sign Up to Join the Scoreboard
Show All
Scores
Hide
Comments
May contain spoilers
Recently Published
Find the 'City' Movie
by crazypaving
Movies
60s
5x2 Blitz: Bands
by SL_Kpop136
Music
30s
Colored Red Africa Blitz
by spor1
Geography
30s
More to Explore
Quiz From the Vault
Featured Blog Post
14 Easter Pick-up Lines to Find Eggs With
hide this ad
You Might Also Like...
Tags
Basketball Quiz
NBA Quiz
NBA All-Star
NBA Player
nickname
Player
Today's Top Quizzes in Sports
Browse Sports
hide this ad
Today's Top Quizzes in NBA
Browse NBA
Top Contributed Quizzes in Sports
1
Players with Multiple 50 Home Run Seasons
2
Les entraîneurs de l'OM et du PSG au 21e siècle
3
Criteria MLB: Left Handed Sluggers
4
2022 World Cup Stars
5
Les meilleurs buteurs des matchs entre le PSG et l’OM
6
Who Hit More Homers?
7
Les joueurs passés par le PSG et l'OM
8
NBA Logic Puzzle 2.0
9
Top 10 NHL Goal Scorers of All Time
10
MLB Players with Two .350 Batting Average Seasons
Explore More
Trending Topics
Crossword
Disney
Anime
Marvel
Harry Potter
Kpop
NBA
WWE
Country
The Office
Song
Soccer
NFL
Puzzle
Pokémon
hide this ad
More By:
besaib05
Quiz
Plays
Rating
Category
Featured
Created
Nba players nickname
95
1.00
Sports
May 17, 2017
Go to Creator's Profile
Score Distribution
Quiz Creator Spotlight
besaib05
Follow
Send a Message
Quizzes Created
-
Created Quiz Play Count
-
More By This Creator
Popular Quizzes Today
1
Colored Red Africa Blitz
2
Find the 'City' Movie
3
Find the US States - No Outlines Minefield
4
5x2 Blitz: Bands
5
The Countries of the World
6
Find the US States
7
US States
8
9x9 Crossword: Cartoon Network
More Sports Quizzes
Yankees with 30 Stolen Bases
Quiz Lab
Trending Quizzes
Colored Red Europe Blitz I
Colored Red Europe Blitz II
Colored Red Africa Blitz II
Colored Red Europe Blitz III
Colored Red Africa Blitz III
Recently Updated
How Do You Spell That?
pecheneg
Godzilla Movies
pecheneg
Grab Bag: 4-10 Letters
pecheneg
2024 March Madness Bracket
pecheneg
Famous TV Couples
Peacemaker
Champions League XIs: Real Madrid
pecheneg
Largest US Cities 1790-2010
pecheneg
Rides in Walt Disney World
pecheneg
Most Oscar Losses (Acting)
pecheneg
Beyoncé Albums
pecheneg
Trending Topics
Kpop
Crossword
Anime
Harry Potter
NBA
Disney
Marvel
Pokémon
Puzzle
NFL
WWE
Song
Country
The Office
Soccer
Your Account Isn't Verified!
In order to create a playlist on Sporcle, you need to verify the email address you used during registration. Go to your
Sporcle Settings
to finish the process.
Report this User
Report this user for behavior that violates our
Community Guidelines
.
Details:
Send Report
Go to the Sporcle.com Mobile Site →
Comments